000 00653cam a22002411 4500
001 sa 65001985
003 DLC
005 20260227112113.0
008 850617s1963 ii 000 0 benx
010 _asa 65001985
025 _aPL480:I-B-1556
035 _a(OCoLC)13891789
040 _aDLC
_cNN
_dDLC
042 _apremarc
050 0 0 _aPK1718.K3
_bK3
100 1 _aKara, Bimala,
_d1921-2003.
245 1 0 _aKarṇa - Kuntī saṃlāpa.
_c[Lekhaka] Bimala Kara.
260 _aKalakātā,
_bPalāśī;
_bParibeśaka: Naba Grantha Kuṭira
_c[1963]
300 _a69 p.
_c22 cm.
500 _aIn Bengali.
500 _aA play.
600 0 0 _aKarna.
999 _c62356
_d62356